Personnage Némo (disney) - Statistiques

Statistiques générales
  • Ce quiz a été pris 211 fois
  • Le résultat moyen est 7 sur 16
Statistiques - réponses
Hint Réponse % Correct
1 Némo
100%
3 Dory
97%
2 Marin
92%
9 Bruce
61%
4 Darla
53%
7 Crush
38%
8 Astrid
35%
16 Monsieur raie
28%
14 Gill
27%
5 Corail
26%
12 Le dentiste
25%
6 Squiz
24%
10 Bubbles
14%
15 Jacques
14%
13 Gargouille
13%
11 Debbie
6%
Aucun quiz correspondant
Distribution des résultats
% des personnes avec chaque résultat
Percentile par nombre de réponses
Votre historique - résultats
Vous n’avez pas pris ce quiz